000 00476nam a2200169Ia 4500
008 131103s9999 xx 000 0 und d
040 _aLoreto College
041 _aEnglish
082 _a372.4/BAR
_bLCBED/4567
245 _aTeaching reading
_bselected materials
_cedited by Walter B. Barbe
260 _aNew York
_bO.U.P.
_c1965
300 _axii,444p.
_c 22cm.
504 _aIncludes index
700 _aBarbe, Walter B. ;ed.
850 _aLCBED/372.4/BAR
942 _cBK
999 _c27629
_d78108